|
|
|
|
| LEADER |
00636nab a2200181 i 4500 |
| 001 |
misc2359 |
| 005 |
20191106141419.0 |
| 008 |
170607s1986 hu o 0|| hun d |
| 022 |
|
|
|a 0865-4093
|
| 040 |
|
|
|a SZTE Miscellanea Repozitórium
|b hun
|
| 041 |
|
|
|a hun
|
| 100 |
1 |
|
|a Radnóti Sándor
|
| 245 |
1 |
0 |
|a Donáth Ferenc emlékezetére
|h [elektronikus dokumentum] /
|c Radnóti Sándor
|
| 260 |
|
|
|c 1986
|
| 300 |
|
|
|a 93-95
|
| 490 |
0 |
|
|a Beszélő : politikai és kulturális folyóirat
|v 18
|
| 695 |
|
|
|a Donáth Ferenc, Politikatudomány, Társadalomtudomány
|
| 856 |
4 |
0 |
|u http://misc.bibl.u-szeged.hu/2359/1/beszelo_018_093-095.pdf
|z Dokumentum-elérés
|